Normal view MARC view
  • The ugly American

Entry Topical Term

Number of records used in: 1

001 - CONTROL NUMBER

  • control field: 108344

003 - CONTROL NUMBER IDENTIFIER

  • control field: NUST

005 - DATE AND TIME OF LATEST TRANSACTION

  • control field: 20230201114141.0

008 - FIXED-LENGTH DATA ELEMENTS

  • fixed length control field: 230201|| aca||aabn | a|a d

040 ## - CATALOGING SOURCE

  • Original cataloging agency: NUST
  • Transcribing agency: NUST

150 ## - HEADING--TOPICAL TERM

  • Topical term or geographic name entry element: The ugly American

670 ## - SOURCE DATA FOUND

  • Source citation: Work cat.: (NUST)186371: Lederer, William J., 108343, The ugly American / , 1958
© 2023 Central Library, National University of Sciences and Technology. All Rights Reserved.